Alicia en el país de las maravillas / (Registro nro. 10682)

Detalles MARC
000 -LIDER
fixed length control field 00947nam a22002897a 4500
001 - NÚMERO DE CONTROL
Identificador de número de control 00722
003 - IDENTIFICACDOR DE NÚMERO DE CONTROL
control field DO-SdBPM
005 - DATE AND TIME OF LATEST TRANSACTION
control field 20250407081917.0
007 - CAMPOS FIJOS DE DESCRIPCIÓN FÍSICA
fixed length control field 00722
008 - ELEMENTOS DE LONGITUD FIJA
fixed length control field 160705b2010 sp |||| 00| 0 spa d
020 ## - ISBN
International Standard Book Number 9788466322805
040 ## - FUENTE DE CATALOGACIÓN
Agencia que crea de manera original el registro DO-SdBPM
Idioma de catalogación spa
Agencia que realiza la transcripción BPMSU
082 #4 - NÚMERO DE CLASIFICACIÓN DECIMAL DE DEWEY
Classification number 823
Item number C319al 2010
Edition number 22
100 1# - ASIENTO PRINCIPAL -- NOMBRE PERSONAL
Nombre personal Carroll, Lewis,
Fechas asociadas con el nombre 1832-1898
240 10 - TITULO UNIFORME
Título uniforme Alice's adventures in Wonderland
Idioma de una obra Español
245 10 - MENCIÓN DE TITULO
Título Alicia en el país de las maravillas /
Mención de responsabilidad Lewis Carroll ; traducción Jaime de Ojeda
260 ## - PUBLICACIÓN, DISTRIBUCIÓN, ETC. (PIE DE IMPRENTA)
Lugar de publicación, distribución, etc Madrid :
Nombre del editor, distribuidor, etc. Santillana Ediciones Generales,
Fecha de publicación, distribución, etc 2010.
300 ## - DESCRIPCIÓN FÍSICA
Extensión 148 p. :
Otros detalles físicos il. ;
Dimensiones 19 cm.
490 0# - MENCIÓN DE SERIES
Mención de serie Punto de lectura,
Volume/sequential designation 17
590 ## - NOTA LOCAL
Texto de la nota local Inventariado, 2025/VM
650 #4 - ENCABEZAMIENTO DE MATERIA--TEMÁTICO
Término temático o nombre geográfico como elemento de entrada Novela juvenil inglesa
Subdivisión cronológica Siglo XIX
650 #4 - ENCABEZAMIENTO DE MATERIA--TEMÁTICO
Término temático o nombre geográfico como elemento de entrada Literatura Juvenil inglesa
Subdivisión cronológica Siglo XIX
650 #4 - ENCABEZAMIENTO DE MATERIA--TEMÁTICO
Término temático o nombre geográfico como elemento de entrada Fantasía
Subdivisión de forma Novela juvenil
700 1# - ASIENTO SECUNDARIO -- NOMBRE PERSONAL
Nombre personal Ojeda, Jaime de,
Fechas asociadas con el nombre traductor
910 ## - VALIDACIÓN
Validación VMateo V. Control de calidad BPMSU
942 ## - ADDED ENTRY ELEMENTS (KOHA)
Source of classification or shelving scheme Dewey Decimal Classification
Koha item type Libros
Existencias
Withdrawn status Lost status Source of classification or shelving scheme Damaged status Not for loan Collection code Home library Current library Date acquired Source of acquisition Total Checkouts Full call number Barcode Date last seen Price effective from Koha item type Copy number
    Dewey Decimal Classification     Colección Juvenil General Biblioteca Pública Metropolitana Salomé Ureña Biblioteca Pública Metropolitana Salomé Ureña 07/05/2016 Santillana   BPMSU CJG 823 C319al 2010 BPMSU16070101 07/05/2016 07/05/2016 Libros  
    Dewey Decimal Classification     Colección General Biblioteca Pública Metropolitana Salomé Ureña Biblioteca Pública Metropolitana Salomé Ureña 07/05/2016 Santillana   BPMSU CJG 823 C319al 2010 BPMSU16070102 07/05/2016 07/05/2016 Libros e.2
    Dewey Decimal Classification     Colección Juvenil General Biblioteca Pública Metropolitana Salomé Ureña Biblioteca Pública Metropolitana Salomé Ureña 04/02/2018     BPMSU CJG 823 C319al 2010 BPMSU18040007 04/02/2018 04/02/2018 Libros e.3